Un evento al mese - 2019 - Statistics

Statistiche generali
  • Questo quiz è stato fatto 21 volte
  • Il punteggio medio è 5 su 12
Statistiche sulle risposte
Mese Domanda Risposta % Corretto
Aprile Quale cattedrale francese fu devastata da un terribile incendio che ne provocò il crollo del tetto della guglia? Cattedrale di Notre-Dame
90%
Dicembre In quale paese venne riscontrato ufficialmente il primo caso accertato di contagio dal virus SARS-CoV-2 Cina
70%
Febbraio Come si rinominò la Repubblica di Macedonia, ponendo fine a una disputa pluridecennale con la Grecia? Repubblica di Macedonia del Nord
70%
Agosto Chi si dimise da Presidente del Consiglio dei Ministri della Repubblica Italiana? Giuseppe Conte
65%
Giugno Chi vinse la UEFA Champions League sconfiggendo il Tottenham in finale per 2-0? Liverpool
50%
Luglio Chi venne eletta come Presidente della Commissione europea? Ursula von der Leyen
30%
Maggio Quale stato asiatico divenne il primo a legalizzare i matrimoni tra lo stesso sesso? Taiwan
25%
Marzo In quale nazione avvennero una serie di sparatorie ad opera di un neofascista islamofobo provocando 50 morti? Nuova Zelanda
20%
Gennaio Chi si auto-proclamò presidente del Venezuela il 23 gennaio venendo riconosciuto da 13 stati? Juan Guaidò
15%
Novembre Quale paese mediterraneo fu colpito da un terremoto di magnitudo 6,5 causando 51 morti e più di 2000 feriti? Albania
10%
Settembre Quale paese adottò formalmente l'accorda sul clima di Parigi? Russia
10%
Ottobre Quale fu il leader dello Stato Islamico che morì il 27 ottobre? Abu Bakr al-Baghdadi
5%
Nessun quiz corrispondente trovato
Distribuzione punteggi
Percentuale di utenti per punteggio
Percentile per numero di risposta
I tuoi punteggi nel tempo
Non hai fatto questo quiz